100 losowych linii lotniczych - Statystyki

Ogólne statystyki
  • Ten quiz został rozwiązany 11 razy
  • Średni wynik to 41 z 100
Statystyki odpowiedzi
Hint Odpowiedź % Poprawnych
Zjednoczone Emiraty Arabskie Emirates
88%
Polska LOT
88%
Irlandia Ryanair
88%
Chiny Air China
75%
USA Delta
75%
Korea Południowa Korean Air
75%
Niemcy Lufthansa
75%
Katar Qatar Airways
75%
Węgry Wizz Air
75%
Rosja Aeroflot
63%
Francja Air France
63%
Korea Północna Air Koryo
63%
Japonia ANA
63%
Białoruś Belavia
63%
Zjednoczone Emiraty Arabskie flydubai
63%
Polska EnterAir
63%
Hiszpania Iberia
63%
Holandia KLM
63%
Norwegia Norwegian
63%
Australia Qantas
63%
Szwecja SAS
63%
Czechy Smartwings
63%
Szwajcaria Swiss
63%
USA United
63%
Meksyk Aeroméxico
50%
Łotwa Air Baltic
50%
Kanada Air Canada
50%
Włochy Air Dolomiti
50%
Włochy Alitalia
50%
USA American Airlines
50%
Austria Austrian Airlines
50%
Wielka Brytania British Airways
50%
Czechy Czech Airlines
50%
Wielka Brytania easyJet
50%
Zjednoczone Emiraty Arabskie Etihad Airways
50%
Tajwan EVA Air
50%
Finlandia Finair
50%
Włochy ITA Airways
50%
Japonia JAL
50%
USA JetBlue
50%
Luksemburg Luxair
50%
Malta Malta Air
50%
USA Spirit
50%
Portugalia TAP Portugal
50%
Holanndia Transavia
50%
Irlandia Aer Lingus
38%
Zjednoczone Emiraty Arabskie Air Arabia
38%
Kazachstan Air Astana
38%
Egipt Air Cairo
38%
Hiszpania Air Europa
38%
Honk Kong Cathay Pacific
38%
Tajwan China Airlines
38%
Niemcy Condor
38%
Egipt Egyptair
38%
Etiopia Ethiopian
38%
Indonezja Garuda Indonesia
38%
Islandia Icelandair
38%
Wielka Brytania Jet2
38%
Australia Jetstar
38%
Kenia Kenya Airways
38%
Arabia Saudyjska Saudia
38%
Turcja Turkish Airlines
38%
Hiszpania Volotea
38%
Hiszpania Vueling
38%
Dania (Grenlandia) Air Greenland
25%
Indie Air India
25%
Korea Południowa Asiana Airlines
25%
Belgia Brussels
25%
USA Frontier
25%
Brazylia GOL
25%
Brazylia LATAM Brasil
25%
Chile LATAM Chile
25%
Pakistan PIA
25%
Rosja Pobeda
25%
Rosja Rossiya
25%
Maroko Royal Air Maroc
25%
Singapur Singapore Airlines
25%
RPA South African
25%
Tajlandia Thai Airways
25%
Tunezja Tunisair
25%
Uzbekistan Uzbekistan Airways
25%
Wietnam Vietnam Airlines
25%
Argentyna Aerolineas Argentinas
13%
Algieria Air Algierie
13%
Francja Air Caraïbes
13%
Nowa Zelandia Air New Zeland
13%
Nigeria Air Peace
13%
USA Atlas Air
13%
Brazylia Azul
13%
Chiny China Southern Airlines
13%
Niemcy Corendon Airways
13%
Szwajcaria Edelweiss Air
13%
Gruzja Georgian Airways
13%
Malezja Malaysia Airlines
13%
USA Southwest Airlines
13%
Wietnam VietJet AIr
13%
Meksyk Volaris
13%
Indie IngiGo
0%
Rosja S7 Airlines
0%
Holandia Winair
0%
Nie znaleziono quizów pasujących do podanych kryteriów
Rozkład punktacji
Procent ludzi z każdym wynikiem
Percentyl według liczby udzielonych odpowiedzi
Twoja historia wyników
Nie rozwiązałeś tego quizu